MARC details
| 000 -LEADER |
| fixed length control field |
01608pam a2200385 a 4500 |
| 001 - CONTROL NUMBER |
| control field |
2506616 |
| 003 - CONTROL NUMBER IDENTIFIER |
| control field |
OSt |
| 005 - DATE AND TIME OF LATEST TRANSACTION |
| control field |
20150527162452.0 |
| 008 - FIXED-LENGTH DATA ELEMENTS--GENERAL INFORMATION |
| fixed length control field |
921228s1993 ohuab b s001 0deng |
| 010 ## - LIBRARY OF CONGRESS CONTROL NUMBER |
| LC control number |
92047361 |
| 020 ## - INTERNATIONAL STANDARD BOOK NUMBER |
| International Standard Book Number |
082141058X |
| 020 ## - INTERNATIONAL STANDARD BOOK NUMBER |
| International Standard Book Number |
0821410598 (pbk.) |
| 020 ## - INTERNATIONAL STANDARD BOOK NUMBER |
| International Standard Book Number |
0852557108 (James Currey cloth) |
| 020 ## - INTERNATIONAL STANDARD BOOK NUMBER |
| International Standard Book Number |
0852557027 (James Currey paper) |
| 040 ## - CATALOGING SOURCE |
| Original cataloging agency |
DLC |
| Transcribing agency |
DLC |
| Modifying agency |
DLC |
| 043 ## - GEOGRAPHIC AREA CODE |
| Geographic area code |
f-ug--- |
| 050 00 - LIBRARY OF CONGRESS CALL NUMBER |
| Classification number |
DT433.27 |
| Item number |
.T87 1993 |
| 082 00 - DEWEY DECIMAL CLASSIFICATION NUMBER |
| Classification number |
967.6 TWA 1993 |
| Edition number |
20 |
| 100 1# - MAIN ENTRY--PERSONAL NAME |
| Personal name |
Twaddle, Michael. |
| 9 (RLIN) |
5004 |
| 245 10 - TITLE STATEMENT |
| Title |
Kakungulu & the creation of Uganda, 1868-1928 / |
| Statement of responsibility, etc. |
Michael Twaddle. |
| 260 ## - PUBLICATION, DISTRIBUTION, ETC. (IMPRINT) |
| Place of publication, distribution, etc. |
London : |
| Name of publisher, distributor, etc. |
James Currey ; |
| Place of publication, distribution, etc. |
Nairobi : |
| Name of publisher, distributor, etc. |
E.A.E.P ; |
| Place of publication, distribution, etc. |
Athens : |
| Name of publisher, distributor, etc. |
Ohio University Press ; |
| Place of publication, distribution, etc. |
Kampala : |
| Name of publisher, distributor, etc. |
Fountain Publishers, |
| Date of publication, distribution, etc. |
1993. |
| 300 ## - PHYSICAL DESCRIPTION |
| Extent |
ix, 310 p. : |
| Other physical details |
ill., maps ; |
| Dimensions |
23 cm. |
| 490 1# - SERIES STATEMENT |
| Series statement |
Eastern African studies |
| 504 ## - BIBLIOGRAPHY, ETC. NOTE |
| Bibliography, etc |
Includes bibliographical references and index. |
| 600 10 - SUBJECT ADDED ENTRY--PERSONAL NAME |
| Personal name |
Kakungulu, Semei, |
| Dates associated with a name |
1868-1928. |
| 9 (RLIN) |
5005 |
| 650 #0 - SUBJECT ADDED ENTRY--TOPICAL TERM |
| Topical term or geographic name as entry element |
Ganda (African people) |
| General subdivision |
Kings and rulers |
| -- |
Biography. |
| 9 (RLIN) |
5006 |
| 651 #0 - SUBJECT ADDED ENTRY--GEOGRAPHIC NAME |
| Geographic name |
Uganda |
| General subdivision |
History |
| Chronological subdivision |
1890-1962. |
| 9 (RLIN) |
5007 |
| 740 0# - ADDED ENTRY--UNCONTROLLED RELATED/ANALYTICAL TITLE |
| Uncontrolled related/analytical title |
Kakungulu and the creation of Uganda, 1868-1928. |
| 830 #0 - SERIES ADDED ENTRY--UNIFORM TITLE |
| Uniform title |
Eastern African studies (London, England) |
| 9 (RLIN) |
5008 |
| 856 42 - ELECTRONIC LOCATION AND ACCESS |
| Materials specified |
Publisher description |
| Uniform Resource Identifier |
<a href="http://www.loc.gov/catdir/enhancements/fy1315/92047361-d.html">http://www.loc.gov/catdir/enhancements/fy1315/92047361-d.html</a> |
| 856 42 - ELECTRONIC LOCATION AND ACCESS |
| Materials specified |
Contributor biographical information |
| Uniform Resource Identifier |
<a href="http://www.loc.gov/catdir/enhancements/fy1315/92047361-b.html">http://www.loc.gov/catdir/enhancements/fy1315/92047361-b.html</a> |
| 906 ## - LOCAL DATA ELEMENT F, LDF (RLIN) |
| a |
7 |
| b |
cbc |
| c |
orignew |
| d |
1 |
| e |
ocip |
| f |
19 |
| g |
y-gencatlg |
| 942 ## - ADDED ENTRY ELEMENTS (KOHA) |
| Source of classification or shelving scheme |
Other/Generic Classification Scheme |
| Koha item type |
Short Loan |